MARC details
| 000 -CABECERA |
| campo de control de longitud fija |
01575nam a22003374i 4500 |
| 001 - NÚMERO DE CONTROL |
| campo de control |
991061597660106706 |
| 003 - IDENTIFICADOR DEL NÚMERO DE CONTROL |
| campo de control |
ES-BaIT |
| 005 - FECHA Y HORA DE LA ÚLTIMA TRANSACCIÓN |
| campo de control |
20260130142100.0 |
| 008 - DATOS DE LONGITUD FIJA--INFORMACIÓN GENERAL |
| campo de control de longitud fija |
260127s2023 sp 000 d cat c |
| 017 ## - NÚMERO DE COPYRIGHT O DE DEPÓSITO LEGAL |
| Número de copyright o de depósito legal |
DL PM 01452-2023 |
| Agencia que asigna |
Oficina DL Mallorca |
| 020 ## - NÚMERO INTERNACIONAL ESTÁNDAR DEL LIBRO |
| Número Internacional Estándar del Libro |
9788412689242 |
| 040 ## - FUENTE DE LA CATALOGACIÓN |
| Centro catalogador/agencia de origen |
ES-BaIT |
| Lengua de catalogación |
cat |
| Normas de descripción |
rda |
| Centro/agencia transcriptor |
ES-BaIT |
| 080 ## - NÚMERO DE LA CLASIFICACIÓN DECIMAL UNIVERSAL |
| Número de la Clasificación Decimal Universal |
849.9-2"20" |
| 100 ## - ENTRADA PRINCIPAL--NOMBRE DE PERSONA |
| Nombre de persona |
Mas Fiol, Miquel, |
| Fechas asociadas al nombre |
1996- |
| Término indicativo de función/relación |
autor |
| 9 (RLIN) |
153927 |
| 245 10 - MENCIÓN DE TÍTULO |
| Título |
Fetge inclòs / |
| Mención de responsabilidad, etc. |
Miquel Mas Fiol |
| 264 #1 - PRODUCCIÓN, PUBLICACIÓN, DISTRIBUCIÓN, FABRICACIÓN Y COPYRIGHT |
| Producción, publicación, distribución, fabricación y copyright |
Mallorca : |
| Nombre del de productor, editor, distribuidor, fabricante |
AdiA Edicions, |
| Fecha de producción, publicación, distribución, fabricación o copyright |
2023 |
| 300 ## - DESCRIPCIÓN FÍSICA |
| Extensión |
123 pàgines ; |
| Dimensiones |
20 cm |
| 336 ## - TIPO DE CONTENIDO |
| Término de tipo de contenido |
text |
| Código de tipo de contenido |
txt |
| Fuente |
rdacontent |
| 337 ## - TIPO DE MEDIO |
| Nombre/término del tipo de medio |
sense mediació |
| Código del tipo de medio |
n |
| Fuente |
rdamedia |
| 338 ## - TIPO DE SOPORTE |
| Nombre/término del tipo de soporte |
volum |
| Código del tipo de soporte |
nc |
| Fuente |
rdacarrier |
| 490 1# - MENCIÓN DE SERIE |
| Mención de serie |
Col·lecció Jàssera |
| Designación de volumen o secuencia |
4 |
| 500 ## - NOTA GENERAL |
| Nota general |
P11: D5, H6 i altres |
| 520 ## - SUMARIO, ETC. |
| Sumario, etc. |
"En una illa abocada a la nostàlgia d’un passat turístic gloriós, un metge i un matancer que es dediquen a vendre fetges pel mercat negre trobaran una oportunitat d’or quan raptin al Subjecte Trenta-Tres, un vagabund capaç de regenerar el seu fetge ràpidament. A partir d’aquí, tots dos posaran en marxa un macabre i sanguinari negoci: el «turisme sanitari».En vers, esbojarrada i amb molta mala llet, Fetge inclòs és una crítica delirant sobre el capitalisme desbocat i el turisme de masses." -- Contracoberta |
| 586 ## - NOTA DE PREMIOS |
| Nota de premios |
Premi Llorenç Moyà d'Obres Dramàtiques 2022 |
| 650 #0 - PUNTO DE ACCESO ADICIONAL DE MATERIA--TÉRMINO DE MATERIA |
| Término de materia o nombre geográfico como elemento de entrada |
Capitalisme |
| Subdivisión de forma |
Textos dramàtics |
| 9 (RLIN) |
166462 |
| 650 #0 - PUNTO DE ACCESO ADICIONAL DE MATERIA--TÉRMINO DE MATERIA |
| Término de materia o nombre geográfico como elemento de entrada |
Turisme de masses |
| Subdivisión de forma |
Textos dramàtics |
| 9 (RLIN) |
168249 |
| 830 #0 - PUNTO DE ACCESO ADICIONAL DE SERIE-TÍTULO UNIFORME |
| Título uniforme |
Col·lecció Jàssera |
| 9 (RLIN) |
168250 |
| Designación de volumen o secuencia |
4 |
| 908 ## - COLOCAR PARÁMETRO DE COMANDO (RLIN) |
| Colocar parámetro de comando |
CDMAE |
| 940 ## - EQUIVALENCIA O REFERENCIA-CRUZADA--TÍTULO UNIFORME [OBSOLETO] [solamente CAN/MARC] |
| Título uniforme |
<a href="CVA38">CVA38</a> |
| 942 ## - ELEMENTOS DE ENTRADA AGREGADA (KOHA) |
| Fuente del sistema de clasificación o colocación |
Clasificación decimal universal |
| Tipo de ítem Koha |
Llibre |